000 00425nam a2200157Ia 4500
008 210716s2012 xx 000 0 und d
020 _a9789350233115
041 _aeng
082 _a658.312404 RANS
100 _aRangnekar, Sharu.
245 _aSoft skills in management.
250 _a1
260 _aNew Delhi
_bShroff Publications and Distributers Pvt Ltd
_c2012
300 _ax,130,7
650 _aGeneral Management
999 _c209317
_d209317